| 000 | 01409cam a22004574i 4500 | ||
|---|---|---|---|
| 003 | PE-LiUPU | ||
| 005 | 20250731165528.0 | ||
| 008 | 150623s miua r 000 0 d | ||
| 035 | _a(Sirsi) a29310 | ||
| 035 | _a(Sirsi) a29310 | ||
| 040 |
_aPE-LiUPU _bspa _cPE-LiUPU _erda |
||
| 082 | 0 | 4 |
_a220 _bSta8 _221 |
| 130 | 0 |
_aBiblia. _lEspañol. _sStraubinger. |
|
| 245 | 1 | 3 |
_aLa sagrada Biblia / _cJuan Straubinger. |
| 264 | 1 |
_aChicago : _bBarsa, _c1967. |
|
| 300 |
_a320 páginas : _bilustraciones; _c29 centímetros |
||
| 336 |
_atext _2rdacontent |
||
| 337 |
_aunmediated _2rdamedia |
||
| 338 |
_avolume _2rdacarrier |
||
| 505 | 0 | _aAntiguo y nuevo testamento -- Versión directa de los textos primitivos. | |
| 526 | _aSEG44 | ||
| 526 | _aSEG26 | ||
| 526 | _aP151 | ||
| 526 | _aP150 | ||
| 526 | _aP149 | ||
| 526 | _aP146 | ||
| 526 | _aP145 | ||
| 526 | _aP126 | ||
| 526 | _aP125 | ||
| 526 | _aP92 | ||
| 526 | _aP75 | ||
| 526 | _aP74 | ||
| 526 | _aP27 | ||
| 526 | _aP15 | ||
| 630 |
_aBiblia. _lEspañol. _sStraubinger. |
||
| 942 |
_2ddc _cBOOK |
||
| 994 |
_aC0 _bPEPRU |
||
| 596 | _a1 | ||
| 999 |
_aRC 220 STA8 _wDEWEY _c36655 _i08783 _d36655 _f2021-11-8 _g8 _lCCODEBUL1 _mBUL _q3 _r1 _sY _tBOOK _u2015-6-24 _xTEOLOGIA _zUNKNOWN _0COMPRA _o.CIRCNOTE. No olvidar cambiar la fecha de devolución!!!!!!! _o.STAFF. Colección General |
||
| 980 |
_81 _gALBERTO SANCHEZ Responsable de Automatización |
||